Different prespective in education / (Record no. 142151)

MARC details
000 -LEADER
fixed length control field 00575nam a22001817a 4500
005 - DATE AND TIME OF LATEST TRANSACTION
control field 20181224120109.0
010 ## - LCCN (DPL NO)
LC control number ENG-119028
020 ## - INTERNATIONAL STANDARD BOOK NUMBER
International Standard Book Number 9789384535230
Terms of availability 499.00
035 ## - SYSTEM CONTROL NUMBER
System control number EN-102560
037 ## - SOURCE OF ACQUISITION
Source of stock number/acquisition DBAD/PUB
082 ## - DEWEY DECIMAL CLASSIFICATION NUMBER
Classification number 371.3
100 ## - MAIN ENTRY--PERSONAL NAME
Personal name Baghel, Hemlata
245 ## - TITLE STATEMENT
Title Different prespective in education /
Statement of responsibility, etc by Hemlata Baghel [and] Hemlata Dinkar
260 ## - PUBLICATION, DISTRIBUTION, ETC. (IMPRINT)
Place of publication, distribution, etc Bhopal
Name of publisher, distributor, etc Indra Publishing House
Date of publication, distribution, etc 2015
270 ## - ADDRESS
Address E-5/21, Area Colony, Habibganj Police Station Road
City Bhopal
Postal code 462016
300 ## - PHYSICAL DESCRIPTION
Extent 98p.
Dimensions 21cm(pbk)
942 ## - ADDED ENTRY ELEMENTS (KOHA)
Source of classification or shelving scheme Dewey Decimal Classification
Item type English Books
Classification part 371.3
Call number suffix DIF
Holdings
Withdrawn status Lost status Not for loan Collection code Home library Current library Date acquired Source of acquisition Cost, normal purchase price Full call number Barcode Copy number Cost, replacement price Koha item type
    Not For Loan Non-fiction D.B.Act.Division Bawana 29/06/2017 DBAD/PUB 499.00 371.3 DIF EN-102560 1 499.00 English Books

© Delhi Public Library
Hit Counter
free hit counter